States of Mexico: Fill-In Map - Statistics

General Stats
  • This quiz has been taken 30 times
  • The average score is 24 of 32
Answers on the Map
Answers color-coded by a green-red scale on the quiz's map according to % correct below.
 
Answer Stats
State % Correct
México
100%
Yucatán
100%
Chihuahua
94%
Baja California
88%
Campeche
88%
Chiapas
88%
Guerrero
88%
Jalisco
88%
Oaxaca
88%
Sonora
88%
Tabasco
88%
Nuevo León
82%
Zacatecas
82%
Aguascalientes
76%
Baja California Sur
76%
Durango
76%
Quintana Roo
76%
Sinaloa
76%
Veracruz
76%
Hidalgo
71%
Puebla
71%
San Luis Potosí
71%
Tamaulipas
71%
Tlaxcala
65%
Colima
59%
Morelos
59%
Nayarit
59%
Coahuila
53%
Guanajuato
53%
Michoacán
53%
Mexico City (D.F.)
41%
Querétaro
41%
No matching quizzes found
Score Distribution
Percent of People with Each Score
Percentile by Number Answered
Your Score History
You have not taken this quiz